书目信息 |
| 题名: |
购买放心的产品房 下
|
|
| 作者: | 李向民 主编 | |
| 分册: | ||
| 出版信息: | 北京 地震出版社 2002.04 |
|
| 页数: | 249页 | |
| 开本: | 20cm | |
| 丛书名: | ||
| 单 册: | ||
| 中图分类: | F299.271 | |
| 科图分类: | ||
| 主题词: | 城市经济 , 市政经济 | |
| 电子资源: | ||
| ISBN: | 7-5028-2040-X | |
| 000 | 00643nam0 2200217 450 | |
| 001 | 0777338131 | |
| 005 | 20071213213019.08 | |
| 010 | @a7-5028-2040-X@dCNY19.00 | |
| 100 | @a20071213d2002 km y0chiy0120 ea | |
| 101 | 0 | @achi |
| 102 | @aCN@b110000 | |
| 200 | 1 | @a购买放心的产品房 下@Agou mai fang xin de chan pin fang xia@f李向民主编@Fli xiang min zhu bian |
| 210 | @a北京@c地震出版社@d2002.04 | |
| 215 | @a249页@d20cm | |
| 606 | 0 | @a城市经济 |
| 606 | 0 | @a市政经济 |
| 690 | @aF299.271@v4 | |
| 701 | 0 | @a李向民@Ali xiang min@4主编 |
| 801 | 0 | @aCN@b大连网信软件有限公司图书馆@c20071213 |
| 905 | @aBZT@dF299.271@e1-2 | |
| 906 | @dCNY19.00@n0@r1 | |
| 购买放心的产品房 下/李向民主编.-北京:地震出版社,2002.04 |
| 249页;20cm |
| ISBN 7-5028-2040-X:CNY19.00 |
| ● |
| 相关链接 |
|
|
|
正题名:购买放心的产品房 下
索取号:F299.271/1-2
 
预约/预借
| 序号 | 登录号 | 条形码 | 馆藏地/架位号 | 状态 | 备注 |
| 1 | 632415 | 2000632415 | 中心书库北库/ 北库016架B面2列4层20/ [索取号:F299.271/1-2] | 在馆 | |
| 2 | 632416 | 2000632416 | 中心书库北库/ 北库016架B面2列4层19/ [索取号:F299.271/1-2] | 在馆 | |
| 3 | 632417 | 2000632417 | 中心书库北库/ 北库016架B面2列4层18/ [索取号:F299.271/1-2] | 在馆 | |
| 4 | 632418 | 2000632418 | 中心书库北库/ 北库016架B面2列4层16/ [索取号:F299.271/1-2] | 在馆 | |
| 5 | 632419 | 2000632419 | 中心书库北库/ 北库016架B面2列4层17/ [索取号:F299.271/1-2] | 在馆 |